[Event "Satka Autumn 2017"]
[Site "Satka"]
[Date "2017.09.20"]
[Round "9"]
[White "Lomakina, Galja"]
[Black "Pogorelskikh, Sofia"]
[Result "1-0"]
[WhiteElo "1962"]
[BlackElo "2023"]
[Annotator "NA RC"]
[PlyCount "69"]
[EventDate "2017.??.??"]
[EventType "swiss"]
[EventCountry "RUS"]
[SourceTitle "playchess.com"]
[Source "ChessBase"]
[SourceQuality "1"]
[TimeControl "5400+30"]

{[%evp 30,69,7,12,0,0,15,-61,0,-12,0,0,0,0,0,0,287,32767,296,276,308,319,306,295,695,435,382,411,32767,32767,32767,32767,32767,32767,412,451,439,502,419,475,506,606]} 1. Nf3 {[%emt 0:00:00]} c5 {[%emt 0:00:18]} 2. d3 {[%emt 0:00:00]} Nc6 {[%emt 0:03:25]} 3. g3 {[%emt 0:00:00]} g6 {[%emt 0:00:41]} 4. Bg2 {[%emt 0:00:00]} Bg7 {[%emt 0:00:16]} 5. O-O {[%emt 0:00:07]} e6 {[%emt 0:00:19]} 6. e4 {[%emt 0:00:13]} Nge7 {[%emt 0:01:29]} 7. Nc3 {[%emt 0:00:17]} O-O {[%emt 0:01:32]} 8. Bg5 {[%emt 0:01:42]} h6 {[%emt 0:03:19] B24: Closed Sicilian: 3 g3 sidelines} 9. Be3 {[%emt 0:00:40]} d6 {[%emt 0:01:05]} (9... Nd4 10. Nd2 d5 11. f4 Nxc2 12. Qxc2 d4 13. Bf2 dxc3 14. bxc3 b6 15. Rfd1 e5 16. fxe5 Bxe5 {1-0 (42) Bryzgalin,K (2473)-Kurochkin,V (2423) Moscow 2006}) 10. Qd2 {[%emt 0:00:31]} Kh7 {[%emt 0:00:39]} 11. Rae1 {[%emt 0:00:25]} e5 $146 {[%emt 0:15:23]} ({Predecessor:} 11... Nd4 12. Nd1 e5 13. Nh4 g5 14. Bxd4 cxd4 15. Nf5 Bf6 16. f4 gxf4 17. gxf4 Nxf5 18. exf5 {0-1 (35) Egri,L-Lengyel,F (2285) Budapest 1993}) 12. Nh4 {[%emt 0:03:59]} Be6 {[%emt 0:05:43]} 13. f4 {[%emt 0:01:39]} exf4 {[%emt 0:08:00]} 14. gxf4 {[%emt 0:00:11]} f5 {[%emt 0:01:09]} 15. Kh1 {[%emt 0:05:58]} Qd7 {[%emt 0:05:21]} 16. Rg1 {[%emt 0:03:15]} Nd4 {[%emt 0:04:04]} 17. Bf2 {[%emt 0:05:50]} Rae8 {[%emt 0:04:09]} 18. b3 {[%emt 0:04:52]} (18. Nd1 $11) 18... b6 {[%emt 0:05:35]} 19. Nd1 {[%emt 0:01:23]} fxe4 {[%emt 0:03:21]} 20. dxe4 {[%emt 0:03:32]} d5 {[%emt 0:02:16]} 21. c3 {[%emt 0:01:03]} Ndc6 $1 {[%emt 0:03:08]} 22. exd5 {[%emt 0:02:31]} Nxd5 $2 {[%emt 0:05:33] [#]} (22... Bxd5 $11 {and Black stays safe.} 23. Bxd5 Qxd5+ 24. Qxd5 Nxd5) 23. Nxg6 $1 {[%emt 0:05:58]} Rf6 {[%emt 0:04:08]} 24. Be4 {[%emt 0:03:36]} Kg8 {[%emt 0:01:05] [#]} 25. Bh4 $1 {[%emt 0:07:12]} Rf7 {[%emt 0:01:19]} 26. f5 {[%emt 0:03:57]} Nxc3 $2 {[%emt 0:04:41]} (26... Nf6 27. Qxd7 (27. fxe6 Qxd2 28. Bxc6 Rc7 $14) 27... Bxd7) 27. Qxd7 {[%emt 0:11:00]} Bxd7 {[%emt 0:00:30]} 28. Nxc3 {[%emt 0:02:24]} Bxc3 {[%emt 0:00:10]} 29. Ne5+ {[%emt 0:04:13]} Kf8 {[%emt 0:09:07]} 30. Nxd7+ {[%emt 0:02:19]} Rxd7 {[%emt 0:00:10]} 31. Bxc6 {[%emt 0:00:17]} Bxe1 {[%emt 0:00:37]} 32. Bxe1 {[%emt 0:01:22]} Rf7 {[%emt 0:01:01]} 33. Bxe8 {[%emt 0:00:31]} Kxe8 {[%emt 0:00:05]} 34. Rf1 {[%emt 0:01:13]} Ke7 {[%emt 0:00:15] [#]} 35. f6+ $18 {[%emt 0:00:42]} 1-0

[Event "Satka Autumn 2017"]
[Site "Satka"]
[Date "2017.09.20"]
[Round "9"]
[White "Chan, Naruna"]
[Black "Simakova, Elena"]
[Result "1-0"]
[WhiteElo "1951"]
[BlackElo "1951"]
[Annotator "NA RC"]
[PlyCount "105"]
[EventDate "2017.??.??"]
[EventType "swiss"]
[EventCountry "RUS"]
[SourceTitle "playchess.com"]
[Source "ChessBase"]
[SourceQuality "1"]
[TimeControl "5400+30"]

{[%evp 32,101,47,7,32,33,37,24,29,44,43,37,65,42,53,36,39,17,75,38,89,91,129,106,218,259,246,266,214,75,91,56,34,57,64,55,121,-41,0,-7,122,0,136,95,144,132,164,87,32767,32767,32767,32767,32767,32767,32767,32767,32767,32767,32767,32767,32767,32767,32767,32767,32767,32767,32767,32767,32767,169,1085,1347]} 1. e4 {[%emt 0:00:00]} c5 {[%emt 0:00:02]} 2. c3 {[%emt 0:00:00]} d5 {[%emt 0:00:06]} 3. exd5 {[%emt 0:00:00]} Qxd5 {[%emt 0:00:05]} 4. d4 {[%emt 0:00:00]} Nf6 {[%emt 0:00:09]} 5. Nf3 {[%emt 0:00:00]} e6 {[%emt 0:00:09]} 6. Be3 {[%emt 0:01:30]} cxd4 {[%emt 0:00:24]} 7. cxd4 {[%emt 0:01:07]} Be7 {[%emt 0:00:40]} 8. Nc3 {[%emt 0:00:10]} Qd6 {[%emt 0:00:17]} 9. Bd3 {[%emt 0:00:37]} O-O {[%emt 0:00:47]} 10. O-O {[%emt 0:00:14]} Nc6 {[%emt 0:02:00]} 11. a3 {[%emt 0:00:42]} b6 {[%emt 0:02:29]} 12. Rc1 {[%emt 0:02:29]} Bb7 {[%emt 0:01:34] B22: Sicilian: 2 c3} 13. Bb1 {[%emt 0:01:22]} Rac8 {[%emt 0:05:20]} 14. Qd3 {[%emt 0:02:00]} Rfd8 {[%emt 0:12:06]} 15. Rfd1 {[%emt 0:03:42]} g6 {[%emt 0:05:15]} 16. Ba2 {[%emt 0:08:20]} Kg7 $146 {[%emt 0:17:09]} ({Predecessor:} 16... Qb8 17. Qe2 Rd7 18. h3 Re8 19. Bh6 Bf8 20. Bg5 {½-½ (60) Toufighi,H (2429)-Alavi,S (2454) Mashhad 2015}) 17. Qe2 {[%emt 0:04:19]} Nd5 {[%emt 0:06:20]} 18. Nxd5 {[%emt 0:10:53]} exd5 {[%emt 0:00:10]} 19. h4 {[%emt 0:03:40]} Kg8 {[%emt 0:12:41]} 20. h5 {[%emt 0:05:44]} Re8 {[%emt 0:05:42]} 21. Qd2 {[%emt 0:06:48]} Bf6 {[%emt 0:03:00]} 22. Bf4 {[%emt 0:09:32]} Qd7 {[%emt 0:03:15]} 23. Bg5 {[%emt 0:07:40]} Bh8 {[%emt 0:04:00]} 24. Rc3 {[%emt 0:07:23]} Re4 {[%emt 0:03:20]} 25. Bb1 {[%emt 0:00:35]} Re6 {[%emt 0:00:51]} 26. Qf4 {[%emt 0:00:49]} Qc7 {[%emt 0:04:54]} 27. Qh4 {[%emt 0:00:38]} f6 {[%emt 0:00:49]} (27... Qd7 $16 {was called for.}) 28. Bf4 {[%emt 0:09:44]} ({Don't play} 28. hxg6 $6 hxg6 29. Bd2 Qg7 $16) 28... Qf7 {[%emt 0:00:10]} 29. Qg3 {[%emt 0:01:14]} ({Much less strong is} 29. hxg6 $6 hxg6 30. Qg3 f5 $18) 29... Ne7 {[%emt 0:02:06]} 30. Nh4 $2 {[%emt 0:01:13]} (30. Rxc8+ $18 Bxc8 31. hxg6 hxg6 32. Rc1) 30... Rxc3 {[%emt 0:02:02]} 31. bxc3 {[%emt 0:00:15]} g5 {[%emt 0:00:36]} 32. Nf5 {[%emt 0:00:31]} Qxh5 {[%emt 0:00:45]} 33. Rc1 $1 {[%emt 0:02:13]} Bg7 {[%emt 0:02:09]} ({Black should play} 33... Bc8 $14) 34. Be3 {[%emt 0:02:57]} (34. Bd6 $16 Nxf5 35. Bxf5) 34... Nxf5 {[%emt 0:01:09]} 35. Bxf5 {[%emt 0:00:08]} Re8 {[%emt 0:00:08]} (35... Re7 $1 $11) 36. Bd7 $2 {[%emt 0:00:52]} (36. Qc7 $18 Qf7 {[#]} 37. Bxh7+ $1 {[%mdl 512]} Kf8 38. Qh2) 36... Rf8 {[%emt 0:02:48]} (36... Re7 $1 $11 {keeps the balance.} 37. Qb8+ Bf8 38. Qxb7 Qf7) 37. Qc7 {[%emt 0:03:43]} Ba6 {[%emt 0:00:45]} 38. Qxa7 {[%emt 0:00:10]} Bc4 {[%emt 0:01:01]} 39. Bf5 {[%emt 0:00:59]} (39. Qxb6 $18 f5 40. Qe6+ Kh8 41. Bd2) 39... b5 {[%emt 0:00:29]} 40. Qd7 {[%emt 0:00:14]} Qe8 {[%emt 0:00:41]} 41. Qd6 {[%emt 0:00:36]} Kh8 {[%emt 0:01:12]} 42. Qh2 {[%emt 0:00:31]} h6 {[%emt 0:00:39]} 43. Qh3 {[%emt 0:00:16]} Qf7 {[%emt 0:00:36]} 44. Be6 {[%emt 0:02:06]} Qe7 {[%emt 0:00:07]} 45. Bf5 {[%emt 0:00:08]} Qf7 {[%emt 0:00:07]} 46. Ra1 {[%emt 0:01:08]} Ra8 {[%emt 0:00:51]} 47. g3 {[%emt 0:02:17]} Bf8 {[%emt 0:00:55]} 48. Kg2 {[%emt 0:00:23]} Kg7 {[%emt 0:00:48]} 49. Rh1 {[%emt 0:00:22]} h5 {[%emt 0:00:42] [#]} 50. Bg4 $1 {[%emt 0:01:05]} h4 $2 {[%emt 0:00:27]} (50... Bd3) 51. gxh4 $18 {[%emt 0:00:11]} gxh4 {[%emt 0:00:34]} 52. Bh6+ {[%emt 0:00:20]} Kg8 {[%emt 0:00:14]} 53. Be6 {[%emt 0:00:03]} 1-0